[Event "DVM U20 2010"]
[Site "Osnabrück GER"]
[Date "2010.12.27"]
[Round "2"]
[White "Nemeth-Csoka, Mihaly"]
[Black "Stanau, Guido"]
[Result "0-1"]
[Termination "normal"]
[Board "4.6"]
[WhiteElo "1746"]
[BlackElo "1988"]
[WhiteTeam "FSV Großenseebach"]
[BlackTeam "Koenigsspringer SC 1984"]
[PlyCount "70"]
[WhiteFideId "24659436"]
[BlackFideId "24692255"]
[EventCountry "GER"]
[EventRounds "7"]
[EventType "team-swiss"]
[EventDate "2010.12.26"]

1. e4 c5 2. Nf3 d6 3. d4 cxd4 4. Nxd4 Nf6 5. Nc3 g6 6. f3 Bg7 7. Be3 O-O 8. Qd2
Nc6 9. O-O-O d5 10. exd5 Nxd5 11. Nxc6 bxc6 12. Nxd5 cxd5 13. Qxd5 Qc7 14. Qc5
Qb7 15. b3 Bf5 16. Bd3 Rfc8 17. Qa5 Qc6 18. Bxf5 gxf5 19. Qxf5 Qc3 20. Rd7
Qxe3+ 21. Kd1 Rd8 22. Re1 Rxd7+ 23. Qxd7 Qb6 24. Rxe7 Qg1+ 25. Kd2 Qxg2+ 26.
Ke3 Qg1+ 27. Ke4 Qg6+ 28. Ke3 Bf6 29. Re4 Qh6+ 30. Kd3 Qg6 31. Ke3 h5 32. c4
Qg1+ 33. Ke2 Qxh2+ 34. Ke3 Kg7 35. Qf5 Rd8 0-1

[Event "DVM U20 2010"]
[Site "Osnabrück GER"]
[Date "2010.12.27"]
[Round "2"]
[White "Barbanera, Fabrizio"]
[Black "Rafayevych, Vilen"]
[Result "0-1"]
[Termination "normal"]
[Board "5.1"]
[WhiteElo "2115"]
[BlackElo "2059"]
[WhiteTeam "SC Neumühl"]
[BlackTeam "SG Aufbau Elbe Magdeburg"]
[PlyCount "100"]
[WhiteFideId "24657700"]
[BlackFideId "24673897"]
[EventCountry "GER"]
[EventRounds "7"]
[EventType "team-swiss"]
[EventDate "2010.12.26"]

1. e4 c5 2. c3 Nf6 3. e5 Nd5 4. d4 cxd4 5. Nf3 d6 6. cxd4 e6 7. Nc3 Nc6 8. exd6
Bxd6 9. Bd3 Nce7 10. O-O O-O 11. Re1 Bd7 12. Ne4 Bb4 13. Re2 Ng6 14. g3 e5 15.
Qb3 Bg4 16. Bc4 Nb6 17. Bxf7+ Rxf7 18. Nfg5 Qd5 19. f3 Qxb3 20. axb3 Rxf3 21.
Nxf3 Bxf3 22. Re3 Bxe4 23. Rxe4 exd4 24. Kg2 Rc8 25. Rxd4 Rc2+ 26. Kh3 a5 27.
Be3 Bc5 28. Rd8+ Kf7 29. Bxc5 Rxc5 30. Rb8 Rc7 31. Rxa5 Ne7 32. Ra7 Nbd5 33.
Rbxb7 Rc2 34. Rb5 Nf6 35. Rbb7 Re2 36. Ra1 h5 37. Ra5 g6 38. Kh4 Rxh2+ 39. Kg5
Rg2 40. Raa7 Rxg3+ 41. Kf4 Rg4+ 42. Ke5 Re4+ 43. Kd6 Re6+ 44. Kc5 h4 45. b4
Re5+ 46. Kd4 Re4+ 47. Kd3 h3 48. Ra1 g5 49. Rb6 Rf4 50. Rg1 g4 0-1

[Event "DVM U20 2010"]
[Site "Osnabrück GER"]
[Date "2010.12.27"]
[Round "2"]
[White "Schulz, Marcel"]
[Black "Gadzali, Kevin"]
[Result "1-0"]
[Termination "normal"]
[Board "5.2"]
[WhiteElo "1835"]
[BlackElo "1687"]
[WhiteTeam "SG Aufbau Elbe Magdeburg"]
[BlackTeam "SC Neumühl"]
[PlyCount "97"]
[WhiteFideId "1270585"]
[BlackFideId "12926124"]
[EventCountry "GER"]
[EventRounds "7"]
[EventType "team-swiss"]
[EventDate "2010.12.26"]

1. Nc3 Nf6 2. e4 e5 3. Nf3 Nc6 4. d4 exd4 5. Nd5 d6 6. Nxd4 Nxd5 7. exd5 Ne5 8.
Bb5+ Bd7 9. Qe2 Be7 10. f4 Ng6 11. Bd2 O-O 12. O-O-O Bf6 13. Bxd7 Qxd7 14. Qc4
a6 15. h3 b5 16. Qc6 Qxc6 17. Nxc6 Ne7 18. Ba5 Rac8 19. g4 Nxc6 20. dxc6 g6 21.
Rhe1 Bh4 22. Re2 f5 23. g5 h6 24. gxh6 Kh7 25. Rg1 Kxh6 26. Re6 Rg8 27. Be1
Bxe1 28. Rgxe1 Rg7 29. Kd2 Rb8 30. Re7 Rxe7 31. Rxe7 Rc8 32. Ke3 g5 33. Re6+
Kh5 34. fxg5 Kxg5 35. h4+ Kxh4 36. Kf4 Kh5 37. Kxf5 Rf8+ 38. Rf6 Re8 39. Rf7
Re5+ 40. Kf6 Rc5 41. Rxc7 Rxc2 42. Rh7+ Kg4 43. c7 d5 44. Ke5 d4 45. Kxd4 Kf5
46. Kd5 Kg6 47. Rd7 Kf6 48. Rd6+ Ke7 49. Rc6 1-0

[Event "DVM U20 2010"]
[Site "Osnabrück GER"]
[Date "2010.12.27"]
[Round "2"]
[White "Brzezinka, Kenneth"]
[Black "Schiffner, Kevin"]
[Result "0-1"]
[Termination "normal"]
[Board "5.3"]
[WhiteElo "1785"]
[BlackElo "1948"]
[WhiteTeam "SC Neumühl"]
[BlackTeam "SG Aufbau Elbe Magdeburg"]
[PlyCount "107"]
[WhiteFideId "1270239"]
[BlackFideId "24674940"]
[EventCountry "GER"]
[EventRounds "7"]
[EventType "team-swiss"]
[EventDate "2010.12.26"]

1. d4 Nf6 2. c4 g6 3. Nf3 Bg7 4. Nc3 d6 5. e4 O-O 6. Be2 e5 7. O-O Nbd7 8. Be3
a5 9. d5 b6 10. Nd2 Nc5 11. f3 Nh5 12. Nb3 Nf4 13. Bxf4 exf4 14. Nxc5 bxc5 15.
Qc2 Rb8 16. Rab1 h5 17. Rfd1 h4 18. h3 Qg5 19. Kh1 Bd4 20. Rxd4 cxd4 21. Nb5
Qe7 22. Nxd4 Bd7 23. Qd2 Rfc8 24. Qxf4 c6 25. dxc6 Bxc6 26. b3 Qe5 27. Qxe5
dxe5 28. Nxc6 Rxc6 29. Rd1 a4 30. Rd3 axb3 31. axb3 Ra6 32. c5 Ra1+ 33. Kh2 Rc1
34. Rd5 Rxb3 35. Rxe5 Rbb1 36. g3 Rb2 37. gxh4 Rxe2+ 38. Kg3 Rec2 39. h5 Rxc5
40. Re8+ Kg7 41. hxg6 Kxg6 42. h4 R5c3 43. Re5 Rc5 44. Re8 Rg1+ 45. Kf4 Rh1 46.
Rg8+ Kh7 47. Rg4 Rh5 48. Kg3 Rg1+ 49. Kf4 Rxg4+ 50. Kxg4 Kg6 51. f4 f5+ 52.
exf5+ Rxf5 53. Kf3 Kh5 54. Ke4 0-1

[Event "DVM U20 2010"]
[Site "Osnabrück GER"]
[Date "2010.12.27"]
[Round "2"]
[White "Brüggemann, Florian"]
[Black "Oser, Kai"]
[Result "1/2-1/2"]
[Termination "normal"]
[Board "5.4"]
[WhiteElo "2026"]
[BlackElo "1622"]
[WhiteTeam "SG Aufbau Elbe Magdeburg"]
[BlackTeam "SC Neumühl"]
[PlyCount "107"]
[WhiteFideId "24645567"]
[BlackFideId "12927201"]
[EventCountry "GER"]
[EventRounds "7"]
[EventType "team-swiss"]
[EventDate "2010.12.26"]

1. e4 c6 2. d4 d5 3. e5 Bf5 4. Nc3 e6 5. g4 Bg6 6. Nge2 Nd7 7. Ng3 c5 8. Be3 a6
9. f4 h6 10. Bd3 Bxd3 11. Qxd3 cxd4 12. Bxd4 Bc5 13. O-O-O Ne7 14. Nh5 Bxd4 15.
Qxd4 g6 16. Nf6+ Nxf6 17. exf6 Nc6 18. Qe3 O-O 19. g5 h5 20. Ne2 Qa5 21. Kb1
Rfc8 22. c3 b5 23. f5 exf5 24. Rxd5 Rd8 25. Rhd1 Rxd5 26. Rxd5 Rd8 27. Nf4 Qc7
28. Qe2 Qxf4 29. Rxd8+ Nxd8 30. Qe8+ Kh7 31. Qxd8 Qf1+ 32. Kc2 Qe2+ 33. Qd2
Qxd2+ 34. Kxd2 Kg8 35. c4 bxc4 36. Kc3 Kf8 37. Kxc4 Ke8 38. Kd5 Kd7 39. b4 Kc7
40. h4 Kb6 41. a4 Kc7 42. Kc5 Kb7 43. b5 axb5 44. axb5 Kc7 45. b6+ Kb7 46. Kd6
f4 47. Ke7 f3 48. Kxf7 f2 49. Kxg6 f1=Q 50. Kg7 Qf5 51. g6 Kxb6 52. f7 Qe5+ 53.
Kg8 Qe6 54. Kg7 1/2-1/2

[Event "DVM U20 2010"]
[Site "Osnabrück GER"]
[Date "2010.12.27"]
[Round "2"]
[White "Walter, Tim Lucas"]
[Black "Rickmann, David"]
[Result "1-0"]
[Termination "normal"]
[Board "5.5"]
[WhiteElo "1526"]
[BlackElo "1876"]
[WhiteTeam "SC Neumühl"]
[BlackTeam "SG Aufbau Elbe Magdeburg"]
[PlyCount "117"]
[WhiteFideId "12922951"]
[BlackFideId "24657360"]
[EventCountry "GER"]
[EventRounds "7"]
[EventType "team-swiss"]
[EventDate "2010.12.26"]

1. e4 d5 2. exd5 Qxd5 3. Nc3 Qd6 4. d3 Nf6 5. Nf3 a6 6. g3 Nc6 7. Bg2 Bg4 8.
O-O O-O-O 9. Be3 Ne5 10. Bf4 Nxf3+ 11. Bxf3 Bxf3 12. Bxd6 Bxd1 13. Bxc7 Kxc7
14. Raxd1 e6 15. Ne4 Nxe4 16. dxe4 Bc5 17. Rd3 Rxd3 18. cxd3 Rd8 19. Rc1 Kb6
20. Rc3 Rd4 21. Kf1 Rb4 22. b3 Bd4 23. Rc8 Rb5 24. Rd8 Bf6 25. Rd7 Rc5 26. Rxf7
e5 27. f4 Rc2 28. fxe5 Bxe5 29. Re7 Bf6 30. Re6+ Rc6 31. Re8 Rc5 32. Ke2 Kc7
33. h4 Rc2+ 34. Ke3 Rxa2 35. d4 Rb2 36. e5 Rxb3+ 37. Kf4 Kd7 38. Rg8 g5+ 39.
hxg5 Be7 40. g6 hxg6 41. Rxg6 a5 42. d5 a4 43. d6 Bd8 44. Rg7+ Ke6 45. Rg8 Rb4+
46. Kf3 Bb6 47. Re8+ Kd7 48. Ra8 Bc5 49. g4 b5 50. g5 Rh4 51. g6 Rh6 52. g7 Rg6
53. g8=Q Rxg8 54. Rxg8 a3 55. Ke4 b4 56. Kd5 Bxd6 57. exd6 a2 58. Rg7+ Kd8 59.
Kc6 1-0

[Event "DVM U20 2010"]
[Site "Osnabrück GER"]
[Date "2010.12.27"]
[Round "2"]
[White "Schiffner, Alexander"]
[Black "Watrin, Jan"]
[Result "1/2-1/2"]
[Termination "normal"]
[Board "5.6"]
[WhiteElo "1645"]
[BlackElo "1592"]
[WhiteTeam "SG Aufbau Elbe Magdeburg"]
[BlackTeam "SC Neumühl"]
[PlyCount "44"]
[BlackFideId "12922986"]
[EventCountry "GER"]
[EventRounds "7"]
[EventType "team-swiss"]
[EventDate "2010.12.26"]

1. e4 c5 2. Nf3 Nc6 3. d4 cxd4 4. Nxd4 g6 5. Nc3 Bg7 6. Be3 Nf6 7. Be2 O-O 8.
Qd2 d5 9. exd5 Nxd5 10. Nxc6 bxc6 11. O-O-O Bb7 12. Nxd5 cxd5 13. f3 Qc7 14. h4
Rfc8 15. Bd3 e6 16. h5 f5 17. hxg6 hxg6 18. Qe1 Ba6 19. Bh6 Bxd3 20. Qxe6+ Kf8
21. Qf6+ Kg8 22. Qe6+ Kf8 1/2-1/2

[Event "DVM U20 2010"]
[Site "Osnabrück GER"]
[Date "2010.12.27"]
[Round "2"]
[White "Wöllermann, Jan"]
[Black "Meier, Lars"]
[Result "1/2-1/2"]
[Termination "normal"]
[Board "6.1"]
[WhiteElo "2092"]
[BlackElo "1978"]
[WhiteTeam "Hagener SV"]
[BlackTeam "SK Gründau"]
[PlyCount "115"]
[WhiteFideId "24661155"]
[BlackFideId "24602396"]
[EventCountry "GER"]
[EventRounds "7"]
[EventType "team-swiss"]
[EventDate "2010.12.26"]

1. d4 d5 2. c4 Nc6 3. Nc3 dxc4 4. Nf3 Bg4 5. d5 Bxf3 6. exf3 Na5 7. Qa4+ c6 8.
b4 b5 9. Qxa5 Qxa5 10. bxa5 b4 11. Bxc4 bxc3 12. dxc6 e6 13. Bf4 Nf6 14. Rb1 c2
15. Rc1 Bb4+ 16. Ke2 O-O 17. Rxc2 Bxa5 18. Rb1 h6 19. Rb5 Bb6 20. Be3 Bxe3 21.
fxe3 Rfc8 22. Bd3 Rc7 23. Rb7 Rac8 24. e4 Kf8 25. Rxc7 Rxc7 26. Ba6 Ke7 27. Kd3
e5 28. Bb5 Ne8 29. Kc4 Nd6+ 30. Kc5 f6 31. Ba4 Nb7+ 32. Kb5 Nd8 33. Ka6 Ne6 34.
Bb5 Kd6 35. Ka5 Nd4 36. Rc1 g5 37. h3 h5 38. Ba4 f5 39. exf5 Nxf5 40. Rd1+ Nd4
41. Kb4 Rf7 42. Re1 Rc7 43. Rd1 Rg7 44. Rc1 Rf7 45. c7 Rxc7 46. Rxc7 Kxc7 47.
Kc5 Ne2 48. Be8 Nf4 49. g3 Ne2 50. Bxh5 Nxg3 51. Bf7 e4 52. fxe4 Nxe4+ 53. Kd5
Nc3+ 54. Ke5 Kd7 55. Kf5 Ke7 56. Bb3 Kf8 57. Kxg5 Kg7 58. a3 1/2-1/2

[Event "DVM U20 2010"]
[Site "Osnabrück GER"]
[Date "2010.12.27"]
[Round "2"]
[White "Schulte, Marius"]
[Black "Wierum, Colin"]
[Result "1-0"]
[Termination "normal"]
[Board "6.2"]
[WhiteElo "1891"]
[BlackElo "1990"]
[WhiteTeam "SK Gründau"]
[BlackTeam "Hagener SV"]
[PlyCount "86"]
[WhiteFideId "24682470"]
[BlackFideId "24677981"]
[EventCountry "GER"]
[EventRounds "7"]
[EventType "team-swiss"]
[EventDate "2010.12.26"]

1. d4 g6 2. c4 f5 3. g3 Nf6 4. Bg2 Bg7 5. Nh3 O-O 6. O-O d6 7. d5 a5 8. Nc3
Nbd7 9. Nf4 Nc5 10. Be3 e5 11. dxe6 Nxe6 12. Bxb7 Rb8 13. Bxc8 Qxc8 14. Rb1 Ng4
15. Bd2 Nc5 16. Ncd5 Qa6 17. h3 Ne5 18. b3 Qa7 19. Be3 Rbe8 20. Nc3 g5 21. Qd5+
Kh8 22. Ne6 Rxe6 23. Qxe6 f4 24. gxf4 gxf4 25. Bxc5 Qxc5 26. Ne4 Qc6 27. Qd5
Qe8 28. Rfd1 f3 29. e3 Qh5 30. Kf1 Bh6 31. Ke1 Qxh3 32. Kd2 Qf5 33. Rh1 Bg7 34.
Rbg1 c6 35. Qd4 Ng6 36. Qd3 Ne5 37. Qc2 h6 38. Ng5 Qxc2+ 39. Kxc2 Re8 40. Rh3
Kg8 41. Nxf3 Nxf3 42. Rxf3 Re6 43. Rfg3 Re7 1-0

[Event "DVM U20 2010"]
[Site "Osnabrück GER"]
[Date "2010.12.27"]
[Round "2"]
[White "Bonacic, Jascha"]
[Black "Hahn, Florian"]
[Result "0-1"]
[Termination "normal"]
[Board "6.3"]
[WhiteElo "1845"]
[BlackElo "2033"]
[WhiteTeam "Hagener SV"]
[BlackTeam "SK Gründau"]
[PlyCount "84"]
[WhiteFideId "24647004"]
[BlackFideId "24659720"]
[EventCountry "GER"]
[EventRounds "7"]
[EventType "team-swiss"]
[EventDate "2010.12.26"]

1. e4 c5 2. Nf3 e6 3. d4 cxd4 4. Nxd4 Nc6 5. Nb5 d6 6. Bf4 e5 7. Be3 a6 8. N5c3
Be6 9. g3 Nf6 10. Bg5 Nd4 11. Bg2 h6 12. Bxf6 Qxf6 13. O-O h5 14. h3 g6 15. Nd2
Rc8 16. Nf3 Nxf3+ 17. Bxf3 Bxh3 18. Nd5 Qd8 19. Bg2 Be6 20. c3 Bxd5 21. Qxd5
Qb6 22. Rab1 Be7 23. Kh2 h4 24. g4 Bg5 25. c4 Rc5 26. Qd3 Bf4+ 27. Kh1 Qc7 28.
b3 Qd7 29. Bh3 b5 30. cxb5 axb5 31. Rfd1 Ke7 32. a4 b4 33. Kg2 Rc3 34. Qa6 Rhc8
35. Qb6 Rxh3 36. Kxh3 Rc3+ 37. Kg2 Qxg4+ 38. Kf1 Qh3+ 39. Ke1 Qh1+ 40. Ke2 Rc2+
41. Kd3 Qf3+ 42. Qe3 Rc3+ 0-1

[Event "DVM U20 2010"]
[Site "Osnabrück GER"]
[Date "2010.12.27"]
[Round "2"]
[White "Tautz, Hendrik"]
[Black "Rieping, Heiner"]
[Result "0-1"]
[Termination "normal"]
[Board "6.4"]
[WhiteElo "1751"]
[BlackElo "1843"]
[WhiteTeam "SK Gründau"]
[BlackTeam "Hagener SV"]
[PlyCount "72"]
[WhiteFideId "4677536"]
[BlackFideId "24647012"]
[EventCountry "GER"]
[EventRounds "7"]
[EventType "team-swiss"]
[EventDate "2010.12.26"]

1. e4 d5 2. exd5 Qxd5 3. Nc3 Qa5 4. d4 Nf6 5. Nf3 Bg4 6. h3 Bh5 7. g4 Bg6 8.
Ne5 c6 9. h4 Be4 10. Nc4 Qd8 11. Nxe4 Nxe4 12. Rh3 e6 13. Bf4 Bd6 14. Nxd6+
Nxd6 15. Qd2 Qe7 16. O-O-O Nd7 17. Bd3 O-O-O 18. Be2 Nf6 19. Rb3 Nd5 20. Bg3
Ne4 21. Qd3 Nxg3 22. Qxg3 Rd7 23. Ra3 a6 24. Rb3 Nc7 25. Bc4 Rhd8 26. Rbd3 Qb4
27. Bb3 Rxd4 28. Rxd4 Rxd4 29. Rxd4 Qxd4 30. c3 Qc5 31. f4 Nd5 32. Bc2 g6 33.
Kd2 Qd6 34. Ke2 Nxf4+ 35. Kf3 e5 36. Qf2 Qd5+ 0-1

[Event "DVM U20 2010"]
[Site "Osnabrück GER"]
[Date "2010.12.27"]
[Round "2"]
[White "Rethmann, Kristin"]
[Black "Kolb, Niklas"]
[Result "0-1"]
[Termination "normal"]
[Board "6.5"]
[WhiteElo "1774"]
[BlackElo "1634"]
[WhiteTeam "Hagener SV"]
[BlackTeam "SK Gründau"]
[PlyCount "78"]
[WhiteFideId "24655805"]
[BlackFideId "24659746"]
[EventCountry "GER"]
[EventRounds "7"]
[EventType "team-swiss"]
[EventDate "2010.12.26"]

1. e4 e5 2. Bc4 Nc6 3. d3 h6 4. Nf3 d6 5. c3 Bg4 6. Bb3 Be7 7. Nbd2 Nf6 8. h3
Bh5 9. Nf1 Qd7 10. Ng3 Bg6 11. O-O O-O-O 12. Be3 Nh5 13. Bd5 a6 14. Nd2 Nxg3
15. fxg3 Rdf8 16. b4 f5 17. Qb3 Nd8 18. a4 Bg5 19. Bxg5 hxg5 20. b5 a5 21. b6
c6 22. Bc4 g4 23. hxg4 f4 24. gxf4 exf4 25. Qa3 Rh4 26. Nb3 Rxg4 27. Rf3 Bh5
28. Raf1 Rh4 29. R3f2 f3 30. Qa2 Rh8 31. Rc2 Bg4 32. Nd4 Rh1+ 33. Kf2 fxg2 34.
Rg1 Rf8+ 35. Kxg2 Bf3+ 36. Nxf3 Qh3+ 37. Kf2 Qxf3+ 38. Ke1 Rxg1+ 39. Kd2 Qf2#
0-1

[Event "DVM U20 2010"]
[Site "Osnabrück GER"]
[Date "2010.12.27"]
[Round "2"]
[White "Tautz, Jonas"]
[Black "Fiegenbaum, Manuel"]
[Result "1/2-1/2"]
[Termination "normal"]
[Board "6.6"]
[WhiteElo "1529"]
[BlackElo "1793"]
[WhiteTeam "SK Gründau"]
[BlackTeam "Hagener SV"]
[PlyCount "116"]
[WhiteFideId "1270633"]
[BlackFideId "24693537"]
[EventCountry "GER"]
[EventRounds "7"]
[EventType "team-swiss"]
[EventDate "2010.12.26"]

1. e4 d5 2. exd5 Qxd5 3. Nc3 Qa5 4. d4 Nf6 5. Bd2 Qb6 6. Nf3 Bg4 7. Rb1 c6 8.
Be3 Qc7 9. Be2 e6 10. O-O Bd6 11. h3 Bh5 12. Re1 Nbd7 13. a3 O-O 14. Nd2 Bxe2
15. Qxe2 Nb6 16. Nde4 Be7 17. Nxf6+ Bxf6 18. Ne4 Nd5 19. Rbd1 Be7 20. Bd2 Rad8
21. Qg4 Nf6 22. Nxf6+ Bxf6 23. c3 Rd5 24. Bf4 Qe7 25. Qg3 Rfd8 26. Be5 g6 27.
Qf4 Kg7 28. Kf1 Bxe5 29. Rxe5 Qd6 30. Rde1 c5 31. dxc5 Qxc5 32. Rxd5 Rxd5 33.
Qe3 Qb5+ 34. Qe2 Qxe2+ 35. Kxe2 Re5+ 36. Kd2 Rxe1 37. Kxe1 Kf6 38. Ke2 Ke5 39.
Ke3 Kd5 40. b3 b5 41. Kd3 f5 42. g3 e5 43. f3 a5 44. g4 Kc5 45. c4 bxc4+ 46.
bxc4 a4 47. g5 e4+ 48. fxe4 fxe4+ 49. Kxe4 Kxc4 50. Ke3 Kc3 51. Ke4 Kb3 52. Kd3
Kb2 53. Kc4 Kxa3 54. Kc3 Ka2 55. Kc2 a3 56. h4 Ka1 57. Kc1 Ka2 58. Kc2 Ka1
1/2-1/2

[Event "DVM U20 2010"]
[Site "Osnabrück GER"]
[Date "2010.12.27"]
[Round "2"]
[White "Olbrich, Jakob"]
[Black "Neukötter, Max"]
[Result "1-0"]
[Termination "normal"]
[Board "7.1"]
[WhiteElo "1794"]
[BlackElo "1989"]
[WhiteTeam "USV TU Dresden"]
[BlackTeam "Schachfreunde Paderborn 2000"]
[PlyCount "41"]
[BlackFideId "24648108"]
[EventCountry "GER"]
[EventRounds "7"]
[EventType "team-swiss"]
[EventDate "2010.12.26"]

1. e4 c5 2. Nc3 Nc6 3. f4 g6 4. Nf3 Bg7 5. Bb5 d6 6. d3 Bd7 7. Bxc6 Bxc6 8. O-O
b5 9. Qe1 b4 10. Nd1 e6 11. Ne3 Ne7 12. f5 O-O 13. Ng5 h6 14. f6 hxg5 15. Ng4
Bxf6 16. Rxf6 Kg7 17. Bxg5 Ng8 18. Qh4 Rb8 19. Raf1 d5 20. R1f3 dxe4 21. Rh3
1-0

[Event "DVM U20 2010"]
[Site "Osnabrück GER"]
[Date "2010.12.27"]
[Round "2"]
[White "Nonhoff, Marko"]
[Black "Grunwald, Martin"]
[Result "1-0"]
[Termination "normal"]
[Board "7.2"]
[WhiteElo "1937"]
[BlackElo "1660"]
[WhiteTeam "Schachfreunde Paderborn 2000"]
[BlackTeam "USV TU Dresden"]
[PlyCount "75"]
[WhiteFideId "4648269"]
[BlackFideId "1270580"]
[EventCountry "GER"]
[EventRounds "7"]
[EventType "team-swiss"]
[EventDate "2010.12.26"]

1. e4 e6 2. d4 d5 3. Nd2 Nf6 4. e5 Nfd7 5. Bd3 c5 6. c3 Nc6 7. Ne2 cxd4 8. cxd4
f6 9. Nf4 Qe7 10. Qh5+ Qf7 11. Bg6 hxg6 12. Qxh8 Nxd4 13. O-O Nxe5 14. Nb3 Ndc6
15. Re1 Bd7 16. Qh3 O-O-O 17. Nd3 Nc4 18. Nbc5 e5 19. Nxd7 Qxd7 20. Qg3 Qf7 21.
b3 Nb6 22. Bb2 Bd6 23. f3 Kb8 24. Qf2 Nd7 25. Rac1 f5 26. Re2 Bc7 27. Kh1 Re8
28. Qe1 e4 29. fxe4 dxe4 30. Nb4 Nxb4 31. Qxb4 Rh8 32. h3 Nf8 33. Rec2 Ne6 34.
Qc4 Re8 35. Be5 Re7 36. Qd5 Kc8 37. Bxc7 Nxc7 38. Rxc7+ 1-0

[Event "DVM U20 2010"]
[Site "Osnabrück GER"]
[Date "2010.12.27"]
[Round "2"]
[White "Schamschurko, Victor"]
[Black "Hötte, Philipp"]
[Result "0-1"]
[Termination "normal"]
[Board "7.3"]
[WhiteElo "1749"]
[BlackElo "1901"]
[WhiteTeam "USV TU Dresden"]
[BlackTeam "Schachfreunde Paderborn 2000"]
[PlyCount "62"]
[WhiteFideId "24695637"]
[BlackFideId "24696390"]
[EventCountry "GER"]
[EventRounds "7"]
[EventType "team-swiss"]
[EventDate "2010.12.26"]

1. e4 c5 2. Nc3 d6 3. f4 Nc6 4. Nf3 g6 5. Bb5 Bd7 6. d3 Bg7 7. Bxc6 Bxc6 8. O-O
e6 9. Qe1 Ne7 10. g4 h5 11. gxh5 Rxh5 12. Ne2 Qd7 13. Ng3 Rh8 14. c3 Bb5 15.
Qd1 O-O-O 16. Rf2 d5 17. e5 Nf5 18. Nxf5 gxf5 19. Be3 Rdg8 20. Kh1 Qe7 21. d4
c4 22. Rc1 Bh6 23. b3 Bc6 24. Rcc2 Rg4 25. h3 Bxf4 26. Bxf4 Rxf4 27. Kg2 Qf8
28. Qf1 Qh6 29. Kh2 Bb5 30. b4 Ba4 31. Rcd2 Rxf3 0-1

[Event "DVM U20 2010"]
[Site "Osnabrück GER"]
[Date "2010.12.27"]
[Round "2"]
[White "Georgi, Philip"]
[Black "Pfefferkorn, Kai"]
[Result "1/2-1/2"]
[Termination "normal"]
[Board "7.4"]
[WhiteElo "1758"]
[BlackElo "1570"]
[WhiteTeam "Schachfreunde Paderborn 2000"]
[BlackTeam "USV TU Dresden"]
[PlyCount "72"]
[WhiteFideId "4647750"]
[BlackFideId "12910295"]
[EventCountry "GER"]
[EventRounds "7"]
[EventType "team-swiss"]
[EventDate "2010.12.26"]

1. d4 d5 2. c4 e6 3. Nc3 Nf6 4. Nf3 Be7 5. e3 b6 6. cxd5 exd5 7. Bd3 Nbd7 8.
O-O Bb7 9. Bd2 O-O 10. Rc1 Rc8 11. Qe2 c5 12. Ba6 Qc7 13. Bxb7 Qxb7 14. Rfd1
Bd6 15. Qb5 a6 16. Qb3 b5 17. Be1 c4 18. Qc2 b4 19. Na4 Ne4 20. Nd2 Nxd2 21.
Qxd2 Qb5 22. b3 c3 23. Qd3 Qxd3 24. Rxd3 Rc6 25. Rc2 a5 26. f3 f5 27. Bg3 Be7
28. Kf2 Nb6 29. Nxb6 Rxb6 30. Ke2 Bd6 31. Be5 Kf7 32. Rd1 Bxe5 33. dxe5 Ke6 34.
f4 Ra6 35. Kd3 a4 36. Rb1 Rc8 1/2-1/2

[Event "DVM U20 2010"]
[Site "Osnabrück GER"]
[Date "2010.12.27"]
[Round "2"]
[White "Nieke, Gottfried"]
[Black "Neukötter, Moritz"]
[Result "1/2-1/2"]
[Termination "normal"]
[Board "7.5"]
[WhiteElo "1430"]
[BlackElo "1675"]
[WhiteTeam "USV TU Dresden"]
[BlackTeam "Schachfreunde Paderborn 2000"]
[PlyCount "70"]
[BlackFideId "24603279"]
[EventCountry "GER"]
[EventRounds "7"]
[EventType "team-swiss"]
[EventDate "2010.12.26"]

1. e4 c5 2. Nc3 Nc6 3. Bb5 g6 4. f4 Bg7 5. Nf3 d6 6. d3 Bd7 7. O-O a6 8. Bxc6
Bxc6 9. Bd2 b5 10. Rb1 Nf6 11. Ne2 Nd7 12. Qe1 d5 13. e5 d4 14. c3 dxc3 15.
bxc3 Nb6 16. d4 Nc4 17. Rd1 cxd4 18. cxd4 O-O 19. Bc1 Qb6 20. Kh1 Rfd8 21. Qc3
Rac8 22. Ba3 e6 23. Bc5 Qb7 24. Nc1 Bd5 25. Nb3 Bf8 26. Bxf8 Kxf8 27. Nc5 Qc6
28. Rf2 Rb8 29. Rb1 Rb6 30. Nd2 Nxd2 31. Rxd2 Kg7 32. Kg1 Ra8 33. Rdb2 Bc4 34.
a4 Qd5 35. a5 Rc6 1/2-1/2

[Event "DVM U20 2010"]
[Site "Osnabrück GER"]
[Date "2010.12.27"]
[Round "2"]
[White "Fuhrmann, Max"]
[Black "Moeller, Jeremy"]
[Result "1/2-1/2"]
[Termination "normal"]
[Board "8.1"]
[WhiteElo "2147"]
[BlackElo "1846"]
[WhiteTeam "SK Kelheim 1920"]
[BlackTeam "SC 1926 Bendorf"]
[PlyCount "48"]
[WhiteFideId "24620114"]
[BlackFideId "24692913"]
[EventCountry "GER"]
[EventRounds "7"]
[EventType "team-swiss"]
[EventDate "2010.12.26"]

1. e4 e5 2. Nf3 f5 3. d3 d6 4. Nc3 Nf6 5. g3 Be7 6. Bg2 fxe4 7. dxe4 O-O 8. Qd3
Kh8 9. O-O Nc6 10. h3 Be6 11. Be3 a6 12. a3 Qe8 13. Ng5 Bg8 14. f4 h6 15. Nf3
Nh5 16. Ne2 Rd8 17. c4 Nxg3 18. Nxg3 exf4 19. Nf5 fxe3 20. Qxe3 Ne5 21. b3
Nxf3+ 22. Rxf3 Bg5 23. Qd3 Bh7 24. Raf1 Qe5 1/2-1/2

[Event "DVM U20 2010"]
[Site "Osnabrück GER"]
[Date "2010.12.27"]
[Round "2"]
[White "Schlöffel, Christian"]
[Black "Eibl, Maximilian"]
[Result "1/2-1/2"]
[Termination "normal"]
[Board "8.2"]
[WhiteElo "1901"]
[BlackElo "2121"]
[WhiteTeam "SC 1926 Bendorf"]
[BlackTeam "SK Kelheim 1920"]
[PlyCount "70"]
[WhiteFideId "24692921"]
[BlackFideId "24620092"]
[EventCountry "GER"]
[EventRounds "7"]
[EventType "team-swiss"]
[EventDate "2010.12.26"]

1. e4 c5 2. Nf3 d6 3. Bb5+ Nd7 4. c3 Ngf6 5. e5 dxe5 6. Nxe5 e6 7. d3 Be7 8.
Bg5 O-O 9. Bxd7 Nxd7 10. Bxe7 Qxe7 11. Nxd7 Qxd7 12. O-O Rd8 13. Qh5 Qb5 14.
Na3 Qxb2 15. Qxc5 b6 16. Qe7 Ba6 17. Nc4 Qxc3 18. Nd6 Qf6 19. Qc7 Qf4 20. Nb5
Qa4 21. Nxa7 Bxd3 22. Nc6 Rf8 23. Rfd1 Qb5 24. Qd7 Be2 25. Rd2 Kh8 26. Re1 Bh5
27. h3 Bg6 28. Red1 Qc5 29. Qb7 h6 30. Rd8 Rfxd8 31. Rxd8+ Rxd8 32. Nxd8 Qc1+
33. Kh2 Qf4+ 34. Kg1 Qc1+ 35. Kh2 Qf4+ 1/2-1/2

[Event "DVM U20 2010"]
[Site "Osnabrück GER"]
[Date "2010.12.27"]
[Round "2"]
[White "Bräutigam, Markus"]
[Black "Sydorenko, Sascha"]
[Result "0-1"]
[Termination "normal"]
[Board "8.3"]
[WhiteElo "1731"]
[BlackElo "1824"]
[WhiteTeam "SK Kelheim 1920"]
[BlackTeam "SC 1926 Bendorf"]
[PlyCount "50"]
[WhiteFideId "24620076"]
[EventCountry "GER"]
[EventRounds "7"]
[EventType "team-swiss"]
[EventDate "2010.12.26"]

1. c4 Nf6 2. Nc3 g6 3. g3 Bg7 4. Bg2 O-O 5. e3 d6 6. Nge2 c6 7. O-O e5 8. b3
Be6 9. Bb2 Qc8 10. Re1 Bh3 11. Bh1 Ng4 12. Qc2 Na6 13. Ba3 Qe6 14. Rac1 Kh8 15.
Ne4 h6 16. Nxd6 f5 17. Nxb7 g5 18. Bxf8 Rxf8 19. c5 Qd7 20. Nd6 f4 21. Qc4 Nc7
22. Nc3 Nxf2 23. Nce4 fxg3 24. Nxg3 Be6 25. Qc2 Nh3+ 0-1